000 00525nam a2200169 i 4500
001 128325
003 ES-MaACL
007 t|
008 070629s1983 sp ||||1| spa d
080 _a271 Communauté de Taizé
100 1 _aRoger
_cfrére.
_998934
245 1 4 _aLas fuentes de Taizé
_b: con inclusión de "La regla de Taizé" /
_cHermano Roger, de Taizé.
260 _aBarcelona :
_bHerder,
_c1983.
300 _a100 p. ;
_c18 cm.
610 2 7 _aCommunauté de Taizé.
_93108
852 _aES-MaACL
_jL-5258
_bR.105551
999 _c128325
_d128325